000 00671nam a22001697a 4500
003 IT-RoPau
005 20220918181102.0
008 130321b xxu||||| |||| 00| 0 eng d
040 _cIT-RoPau
100 _aCommissione precapitolare per la Vita religiosa
_9476
245 _aRisultati della consultazione. Analisi e Proposte. Indici Tor San Lorenzo 20/03 - 16/04/ 1975
250 _aI
260 _aTor San Lorenzo (Roma)
_bCommissione precapitolare per la Vita religiosa
_c1975
300 _a29 pp.
_c28 cm
520 _aIndice Presentazione Parte Prima - Risultati della consultazione Parte Seconda - Analisi e proposte Parrte Terza - Indici
942 _2ddc
_cBK
999 _c98258
_d98258